[Event "SVK-ch U10 Girls"]
[Site "Tatralandia"]
[Date "2025.05.16"]
[Round "7"]
[White "Miturova, Karolina"]
[Black "Scecinova, Stela"]
[Result "1-0"]
[WhiteElo "1000"]
[BlackElo "1000"]
[PlyCount "119"]
[EventDate "2025.05.11"]
[EventType "swiss"]
[EventRounds "9"]
[EventCountry "SVK"]
[SourceTitle "CB21_2025"]
[SourceDate "2025.05.21"]
[SourceVersion "1"]
[SourceVersionDate "2025.05.21"]
[SourceQuality "1"]

1. e4 e5 2. Nf3 Nc6 3. d4 exd4 4. Nxd4 Bc5 5. Nxc6 Qf6 6. f3 Qxc6 7. Bc4 Nf6 8. Bd5 Nxd5 9. exd5 Qd6 10. Nc3 Qe7+ 11. Ne2 b6 12. Bf4 d6 13. Qd2 Ba6 14. Bg5 f6 15. Bh4 Bb4 16. c3 Bc5 17. b4 Be3 18. Qc2 Bh6 19. Qe4 Qxe4 20. fxe4 Bxe2 21. Kxe2 0-0 22. c4 Rfe8 23. Kd3 c5 24. bxc5 bxc5 25. Bg3 f5 26. Rhe1 fxe4+ 27. Rxe4 Rxe4 28. Kxe4 Re8+ 29. Kf5 g6+ 30. Kg4 Re4+ 31. Kh3 Bg5 32. Rb1 h5 33. Rb8+ Kf7 34. Bxd6 Rh4+ 35. Kg3 Rxc4 36. Rb7+ Kf6 37. Be7+ Kf5 38. d6 Rg4+ 39. Kf3 Rf4+ 40. Kg3 Rg4+ 41. Kh3 Rh4+ 42. Kg3 Rg4+ 43. Kf2 Rf4+ 44. Kg1 Rd4 45. Rxa7 Be3+ 46. Kf1 c4 47. d7 Rf4+ 48. Ke1 Bxa7 49. d8Q Re4+ 50. Kf1 Rf4+ 51. Ke2 Rf2+ 52. Ke1 c3 53. Qf8+ Ke6 54. Qc8+ Kxe7 55. Qxc3 Rxa2 56. Qg7+ Ke6 57. Qg8+ Ke7 58. Qxa2 Bb8 59. h3 Bg3+ 60. Kf1 1-0